| Tag |
First Indicator |
Second Indicator |
Subfields |
| LEADER |
00000cam a2200000 a 4500 |
| 001 |
in00002781070 |
| 006 |
m d |
| 007 |
cr cn||||||||| |
| 008 |
120702s2012 ncua obq 001 0deng d |
| 005 |
20250816204009.9 |
| 010 |
|
|
|z 2012024593
|
| 020 |
|
|
|z 9780786470303 (softcover alk. paper)
|
| 020 |
|
|
|z 9780786492756 (e-book)
|
| 035 |
|
|
|a (CaPaEBR)ebr10582790
|
| 040 |
|
|
|a CaPaEBR
|c CaPaEBR
|d UtOrBLW
|
| 043 |
|
|
|a e-gx---
|
| 050 |
1 |
4 |
|a PN1998.3.V57
|b H83 2012eb
|
| 082 |
0 |
4 |
|a 791.4302/33092
|2 23
|
| 100 |
1 |
|
|a Huckvale, David.
|
| 245 |
1 |
0 |
|a Visconti and the German dream :
|b Romanticism, Wagner and the Nazi catastrophe in film /
|c David Huckvale.
|
| 264 |
|
1 |
|a Jefferson, N.C. :
|b McFarland & Co., Inc., Publishers,
|c 2012.
|
| 300 |
|
|
|a 1 online resource (vii, 224 pages) :
|b illustrations
|
| 336 |
|
|
|a text
|b txt
|2 rdacontent
|
| 337 |
|
|
|a computer
|b c
|2 rdamedia
|
| 338 |
|
|
|a online resource
|b cr
|2 rdacarrier
|
| 504 |
|
|
|a Includes bibliographical references and index.
|
| 504 |
|
|
|a Includes filmography.
|
| 505 |
0 |
|
|a Introduction: Visconti -- Wagner in Italy -- Ludwig, Wagner and Hitler -- First intermission-the birth of Hitler from the spirit of music -- Mann's "Death in Venice" -- Second intermission-Pan, paganism and Arcadia -- Visconti's Death in Venice -- Gotterdammerung -- Third intermission-the cinema of the future -- The damned -- Alternative visions -- Epilogue: the film music of the future.
|
| 520 |
|
|
|a "This book explores the complex relationship between themes and ideals of German Romanticism; their impact on the Third Reich catastrophe; how the German Romantic movement led to Nazism, and contrasts the ways in which filmmakers have presented this continuum. Works discussed are Richard Wagner, Thomas Mann, Friedrich Nietzsche, Hans-Jürgen Syberberg, Ken Russell, Tony Palmer and others"--Provided by publisher.
|
| 500 |
|
|
|a Electronic resource.
|
| 600 |
1 |
0 |
|a Visconti, Luchino,
|d 1906-1976
|x Criticism and interpretation.
|
| 650 |
|
0 |
|a Motion pictures
|z Germany
|x History
|y 20th century.
|
| 650 |
|
0 |
|a Romanticism
|z Germany
|x History
|y 19th century.
|
| 650 |
|
0 |
|a Romanticism
|z Germany
|x History
|y 20th century.
|
| 650 |
|
0 |
|a Fascism and culture
|z Germany.
|
| 650 |
|
0 |
|a Motion pictures and literature.
|
| 650 |
|
0 |
|a Motion pictures and music.
|
| 650 |
|
0 |
|a Motion picture music
|x History and criticism.
|
| 655 |
|
7 |
|a Electronic books.
|2 local
|
| 710 |
2 |
|
|a ebrary, Inc.
|
| 856 |
4 |
0 |
|u https://ebookcentral.proquest.com/lib/tamucs/detail.action?docID=978065
|y Connect to the full text of this electronic book
|t 0
|
| 980 |
|
|
|a 120821
|b 45
|c USD
|e 67.5
|f YBP_EBR0000040734
|g 1
|
| 999 |
f |
f |
|s 6c11497f-dafc-34ba-bc09-e7f894966659
|i e61f0a41-87bc-3a16-9b9d-02387873bb2d
|t 0
|
| 999 |
|
|
|a MARS
|
| 952 |
f |
f |
|a Texas A&M University
|b College Station
|c Electronic Resources
|d Available Online
|t 0
|e PN1998.3.V57 H83 2012eb
|h Library of Congress classification
|
| 998 |
f |
f |
|a PN1998.3.V57 H83 2012eb
|t 0
|l Available Online
|